000 00937cab a2200325 4500
001 WB2548-13
008 090401t1989 xxu||||| |||| 00| 0 eng d
035 _a(Sirsi) u16415
041 _aeng
245 _aLabelling system for commercial buildings
260 _c1989
350 _a0
490 _aBRE Press Release
_v85/89, 24 November 1989 (2)
520 _aDescribes an environmental assessment system proposed by the ECD Partnership for commercial buildings .
650 _aBUILDING INDUSTRY
650 _aBUILT ENVIRONMENT-BUILDING MATERIALS
650 _aCFCS
650 _aENERGY EFFICIENCY
650 _aGREEN LABELLING
650 _aGREYCOAT
650 _aOFFICES
650 _aOLYMPIA AND YORK
650 _aROSEHAUGH STANHOPE
650 _aSAINSBURY
650 _aSTANHOPE PROPERTIES
650 _aSUPERMARKETS
690 _aCONSERVATION AND THE ENVIRONMENT
942 _n0
948 _c04/03/1997
999 _c10803
_d10803